| 000 | 01269cam a2200337 i 4500 | ||
|---|---|---|---|
| 999 |
_c127316 _d127316 |
||
| 001 | 18493135 | ||
| 003 | ARRUPE | ||
| 005 | 20180110121550.0 | ||
| 008 | 150210s2014 be b 001 0 fre | ||
| 010 | _a 2015454972 | ||
| 020 | _a9782872992546 | ||
| 020 | _a2872992545 | ||
| 040 |
_aDLC _beng _erda _cDLC |
||
| 042 | _apcc | ||
| 050 | 0 | 0 |
_aBX3706.3. _bF123 |
| 100 | 1 |
_aFabre, Pierre-Antoine, _d1957- _eauthor. _938312 |
|
| 245 | 1 | 0 |
_aSuppression et rétablissement de la Compagnie de Jésus (1773-1814) / _cPierre-Antoine Fabre, Patrick Goujon. |
| 260 |
_aParis _bLessius _c2014 |
||
| 300 |
_a150p. ; _c19 cm. |
||
| 490 | 0 | _aPetite bibliothèque jésuite | |
| 504 | _aIncludes bibliographical references (pages 149-150) and index. | ||
| 610 | 2 | 0 |
_aJesuits _xHistory _xSuppression _y1773-1814 _938313 |
| 700 | 1 |
_aGoujon, Patrick, _d1969- _eauthor. _938314 |
|
| 906 |
_a7 _bcbc _corigres _d3 _encip _f20 _gy-gencatlg |
||
| 942 |
_2lcc _cMONOGRAPH |
||